000 00347nam a2200157Ia 4500
008 151213s9999 xx 000 0 und d
100 _aG.Roy
245 _aThe Rape of the Lock
_cG.Roy
250 _a1st
260 _aNew York
_bMonorah
_c1965
300 _a2552 p.
650 _aEnglish
650 _aEnglish
700 _aG.Roy
999 _c1719
_d1719